|
|
|
|
| LEADER |
00000nam0a2200000 4500 |
| 001 |
357217 |
| 005 |
20231102010953.0 |
| 035 |
|
|
|a (RuTPU)RU\TPU\retro\14477
|
| 090 |
|
|
|a 357217
|
| 100 |
|
|
|a 20200803d1951 k y0rusy50 ca
|
| 101 |
0 |
|
|a rus
|
| 102 |
|
|
|a RU
|
| 105 |
|
|
|a af z 001zy
|
| 200 |
1 |
|
|a Некоторые итоги исследований качества поверхности деталей машин
|e [оттиск статьи]
|f П. Е. Дьяченко
|
| 210 |
|
|
|a [Москва]
|c [Б. и.]
|d 1951
|
| 215 |
|
|
|a С. 22-28
|c ил.
|
| 225 |
1 |
|
|a Известия Академии наук СССР. Отделение технических наук
|v № 1
|
| 320 |
|
|
|a Библиогр.: с. 28
|
| 606 |
1 |
|
|a Детали машин
|x Поверхности
|x Стандартизация
|2 stltpush
|3 (RuTPU)RU\TPU\subj\9203
|9 36481
|
| 606 |
1 |
|
|a Качество поверхности при обработке металлов резанием
|x Стандартизация
|2 stltpush
|3 (RuTPU)RU\TPU\subj\14175
|9 40635
|
| 610 |
1 |
|
|a микрогеометрия
|
| 610 |
1 |
|
|a машиностроение
|
| 610 |
1 |
|
|a обработанные поверхности
|
| 610 |
1 |
|
|a эксплуатационные характеристики
|
| 610 |
1 |
|
|a щуповые приборы
|
| 610 |
1 |
|
|a оптические приборы
|
| 610 |
1 |
|
|a методы оценки
|
| 610 |
1 |
|
|a неровности
|
| 610 |
1 |
|
|a износ
|
| 610 |
1 |
|
|a волнистость
|
| 610 |
1 |
|
|a шероховатость
|
| 610 |
1 |
|
|a фрезерование
|
| 610 |
1 |
|
|a режущие инструменты
|
| 610 |
1 |
|
|a металл
|
| 610 |
1 |
|
|a верхний слой
|
| 610 |
1 |
|
|a наклеп
|
| 610 |
1 |
|
|a глубина
|
| 610 |
1 |
|
|a коллекция ТПУ
|
| 610 |
1 |
|
|a оттиски
|
| 675 |
|
|
|a 621.81-408
|v 4
|
| 675 |
|
|
|a 621.91.015
|v 4
|
| 700 |
|
1 |
|a Дьяченко
|b П. Е.
|
| 801 |
|
1 |
|a RU
|b 63413507
|c 20200803
|
| 801 |
|
2 |
|a RU
|b 63413507
|c 20200803
|g RCR
|
| 942 |
|
|
|c BK
|